UBT Library

World product and income : (Record no. 43241)

000 -LEADER
fixed length control field 00788cam a2200229 a 4500
001 - CONTROL NUMBER
control field 1843124
005 - DATE AND TIME OF LATEST TRANSACTION
control field 20180223071039.0
008 - FIXED-LENGTH DATA ELEMENTS--GENERAL INFORMATION
fixed length control field 810910s1982 mdu b i001 0 eng
010 ## - LIBRARY OF CONGRESS CONTROL NUMBER
LC control number 81015569
020 ## - INTERNATIONAL STANDARD BOOK NUMBER
International Standard Book Number 0801823595
020 ## - INTERNATIONAL STANDARD BOOK NUMBER
International Standard Book Number 0801823609 (pbk.)
040 ## - CATALOGING SOURCE
Original cataloging agency DLC
Transcribing agency DLC
Modifying agency DLC
041 ## - LANGUAGE CODE
Language code of text/sound track or separate title eng
080 ## - UNIVERSAL DECIMAL CLASSIFICATION NUMBER
Universal Decimal Classification number 339.3
082 00 - DEWEY DECIMAL CLASSIFICATION NUMBER
Classification number 339.3 KRA
Edition number 19
100 1# - Rafti
Rafti 53
101 ## - Shkurtesa
Shkurtesa MNG
245 10 - TITLE STATEMENT
Title World product and income :
Statement of responsibility, etc produced by the Statistical Office of the United Nations and the World Bank ; Irving B. Kravis, Alan Heston, Robert Summers, in collaboration with Alicia R. Civitello ... [et al.].
504 ## - BIBLIOGRAPHY, ETC. NOTE
Bibliography, etc Bibliography: p. 375-379.
906 ## - LOCAL DATA ELEMENT F, LDF (RLIN)
a 7
b cbc
c orignew
d 1
e ocip
f 19
g y-gencatlg
942 ## - ADDED ENTRY ELEMENTS (KOHA)
Source of classification or shelving scheme
Item type Books
Holdings
Withdrawn status Lost status Source of classification or shelving scheme Damaged status Not for loan Collection code Permanent location Current location Shelving location Date acquired Total Checkouts Full call number Barcode Date last seen Price effective from Koha item type
          Koleksioni i përgjithshem UBT - Lipjan UBT - Lipjan Koleksioni i lëndeve mesimore 02/23/2018   339.3 KRA 002-2999713 02/23/2018 02/23/2018 Books
UBT Library © 2015-2024. All rights reserved University Education for Business and Technology